000
00291nam a2200109 4500
999
_c
9778
_d
9778
008
180717b ||||| |||| 00| 0 eng d
245
_a
More science, math teachers needed.
260
_a
Davao City
_b
Sun Star Davao
_c
c2016
300
_a
page 12.
650
0
_9
28982
_a
Teachers.
942
_2
ddc
_c
PER